Central Library OPAC University of Rajshahi

Equilibrium-stage separation operations in chemical engineering / (Record no. 67652)

MARC details
000 -LEADER
fixed length control field 00857nam a2200265 a 4500
001 - CONTROL NUMBER
control field 67652
003 - CONTROL NUMBER IDENTIFIER
rucl marc code BD-RjUL
005 - DATE AND TIME OF LATEST TRANSACTION
control field 20211209081659.0
008 - FIXED-LENGTH DATA ELEMENTS--GENERAL INFORMATION
fixed length control field 170328s1981 nyua b 001 0 eng d
020 ## - INTERNATIONAL STANDARD BOOK NUMBER
International Standard Book Number 0471371084 :
035 ## - SYSTEM CONTROL NUMBER
System control number (BD-RjUL)67861
040 ## - CATALOGING SOURCE
Original cataloging agency DLC
Transcribing agency DLC
Modifying agency m.c.
-- MYG
-- BD-RjUL
Language of cataloging eng
041 ## - LANGUAGE CODE
Language code of text/sound track or separate title eng
082 ## - DEWEY DECIMAL CLASSIFICATION NUMBER
Edition number 23
Classification number 660.2842
Author mark and year HEE 1981
099 ## - LOCAL FREE-TEXT CALL NUMBER (OCLC)
Bangla Class number TP156.S45.H43
100 1# - MAIN ENTRY--PERSONAL NAME
Personal name Henley, Ernest J.
9 (RLIN) 200453
245 10 - TITLE STATEMENT
Title Equilibrium-stage separation operations in chemical engineering /
Statement of responsibility, etc. Ernest J. Henley and J. D. Seader.
260 ## - PUBLICATION, DISTRIBUTION, ETC. (IMPRINT)
Place of publication, distribution, etc. New York :
Name of publisher, distributor, etc. John Wiley & Sons,
Date of publication, distribution, etc. c1981.
300 ## - PHYSICAL DESCRIPTION
Pagination xxvi, 742 p. :
Illustrations ill. ;
Size 24 cm.
504 ## - BIBLIOGRAPHY, ETC. NOTE
Bibliography, etc Includes bibliographical references and indexes.
650 #0 - SUBJECT ADDED ENTRY--TOPICAL TERM
Topical term or geographic name as entry element Separation (Technology)
9 (RLIN) 200454
Topical term or geographic name as entry element Chemical equilibrium.
9 (RLIN) 163547
700 1# - ADDED ENTRY--PERSONAL NAME
Personal name Seader, J. D.
942 ## - ADDED ENTRY ELEMENTS (KOHA)
Source of classification or shelving scheme Dewey Decimal Classification
Koha item type Books
Holdings
Lost status Source of classification or shelving scheme Damaged status Not for loan Collection code Permanent Location Current Location Shelving location Date acquired Source of acquisition Cost, normal purchase price Total Checkouts Full call number Date last seen Copy number Koha item type
  Dewey Decimal Classification   Not For Loan Non-fiction Central Library, University of Rajshahi Central Library, University of Rajshahi Reading Room 09/12/2021 Aligarh Library 95.15   660.2842 HEE 1981 28/03/2017 C-1 Books